000 00584nam a2200205Ii 4500
003 JO-AjNU
008 230605s9999||||xx |||||||||||||| ||und||
040 _aJO-AjNU
_bara
_erda
_cJO-AjNU
041 _aara
050 1 4 _aDS36.8.A426 1987
100 3 _aعمارة، محمد,
_eauthor
_914424
245 0 0 _aالعرب والتحدي
250 _aط2
264 3 1 _aدمشق: دار قتيبة، 1987
300 _a312ص
336 _atext
_btxt
_2rdacontent
337 _aunmediated
_bn
_2rdamedia
338 _avolume
_bnc
_2rdacarrier
650 4 _aحضارة اسلامية
_914425
999 _aA3843
_c7411
_d7411